Devine le joueur avec la carrière wikipédia #2 - Statistiques

Statistiques générales
  • Ce quiz a été pris 39 fois
  • Le résultat moyen est 11 sur 32
Statistiques - réponses
Par images Réponse % Correct
Marco Verratti
81%
Teji Savanier
75%
Steve Mandanda
66%
Paul Pogba
53%
Pavel Nedved
53%
David Luiz
50%
Luka Modric
50%
Christian Eriksen
47%
Gareth Bale
47%
Miralem Pjanic
44%
Djibril Cissé
41%
Djibril Sidibé
41%
Wissam Ben yedder
41%
Hatem Ben Arfa
38%
Kevin Gameiro
38%
Edmond tapsoba
31%
Emmanuel emegha
31%
Giorgio chiellini
31%
Jordan Pickford
31%
Medhi Taremi
28%
Alan Saint Maximin
25%
Arkadiuz Milik
25%
Bryan Zaragoza
19%
Jean Philippe krasso
19%
Martin Satriano
19%
Samuel Mbangula
16%
Igor Jesus
6%
Moses caicedo
6%
Abel Ruiz
3%
Richard rios
3%
Abdoul ouatarra
0%
Bojan Miovski
0%
Aucun quiz correspondant
Distribution des résultats
% des personnes avec chaque résultat
Percentile par nombre de réponses
Votre historique - résultats
Vous n’avez pas pris ce quiz